[Event "Vladimir Petrov Memorial"]
[Site "Jurmala LAT"]
[Date "2013.02.16"]
[Round "8.4"]
[White "Shirov,A"]
[Black "Ehlvest,J"]
[Result "1/2-1/2"]
[WhiteElo "2709"]
[BlackElo "2613"]

1.e4 e5 2.Nf3 Nc6 3.Bb5 d6 4.d4 Bd7 5.Nc3 exd4 6.Nxd4 g6 7.h4 Bg7 8.Bg5 Nf6
9.Bxc6 bxc6 10.Qd2 h6 11.Bf4 Ng4 12.f3 Ne5 13.b3 c5 14.Nde2 a5 15.Rd1 a4
16.Kf2 axb3 17.axb3 Be6 18.g4 Rb8 19.Nd5 Bxd5 20.Qxd5 h5 21.g5 Nd7 22.Bd2 O-O
23.Bc3 Ne5 24.Bxe5 Bxe5 25.f4 Bg7 26.f5 Be5 27.fxg6 Kg7 28.gxf7 Rxf7+ 29.Ke3 Qd7
30.Qxe5+ dxe5 31.Rxd7 Rxd7 32.Ng3 c4 33.Nxh5+ Kh8 34.Nf6 Rd4 35.bxc4 Rb4
36.c3 Rb3 37.Rc1 Rxc4 38.Kd3 Ra4 39.h5 c5 40.h6 c4+ 41.Ke3 Ra6 42.Kf3 Rxf6+
43.gxf6 Rb6 44.Kg4 Rxf6 45.Kg5 Rf4 46.Kg6 Rxe4 47.Rg1 Re3 48.Rg5  1/2-1/2

[Event "Vladimir Petrov Memorial"]
[Site "Jurmala LAT"]
[Date "2013.02.16"]
[Round "10.6"]
[White "Kovalenko,I"]
[Black "Ehlvest,J"]
[Result "0-1"]
[WhiteElo "2586"]
[BlackElo "2613"]

1.d4 d5 2.c4 e6 3.Nc3 Be7 4.Bf4 Nf6 5.e3 O-O 6.Qc2 c5 7.dxc5 Na6 8.Nf3 Nxc5
9.Be2 dxc4 10.Bxc4 a6 11.a4 Qa5 12.O-O Bd7 13.Rfb1 Qb4 14.Ne5 Rfc8 15.a5 b5
16.axb6 Be8 17.Be2 Qxb6 18.Bf3 Ra7 19.b3 a5 20.Nc4 Qb4 21.Na2 Qb5 22.Nd6 Bxd6
23.Bxd6 Qb6 24.Be5 Nfd7 25.Bd4 e5 26.Bc3 Qe6 27.Nc1 a4 28.Qd2 Nf6 29.Bb4 Rd7
30.Qe1 Nxb3 31.Rxa4 Rdc7 32.Nxb3 Bxa4 33.Nd2 Bc2 34.Ra1 e4 35.Be2 Bd3 36.Bf1 Bxf1
37.Nxf1 h5 38.h3 Rc2 39.Ng3 Qc4 40.Bd2 Qd5 41.Bb4 Qc4 42.Bd2 Rd8 43.Bb4 Rd5
44.Be7 h4 45.Nf1 Rf5 46.Nd2 Qc3 47.Bxf6 Rxf6 48.Nxe4 Qxe1+ 49.Rxe1 Rfc6 50.Ng5 Rc1
51.Kf1 f6 52.Nf3 g5 53.Nd4 Rxe1+ 54.Kxe1 Ra6 55.Ke2 Kf7 56.Kf3 Ra2 57.Nf5 Ke6
58.Nd4+ Ke5 59.Nc6+ Kd6 60.Nd4 Kd5 61.Ne2 Rc2 62.g3 hxg3 63.Nxg3 Ke5 64.Ne2 Rb2
65.Nd4 f5 66.Nc6+ Kf6 67.Nd4 Kg6 68.Kg3 Ra2 69.Nf3 Ra4 70.Ne5+ Kf6 71.Nd7+ Ke7
72.Ne5 Ra3 73.Nf3 Kf6 74.Kg2 Kg6 75.Kg3 Kh5 76.Kg2 f4 77.exf4 gxf4 78.Ne5 Kg5
79.Nf3+ Kf5 80.Nh2 Ke4 81.Ng4 Ra6 82.Nh2 Rg6+ 83.Ng4 Rg7 84.Kg1 Kf3 85.Kf1 Rh7
86.Nh2+ Ke4 87.Kg2 Rg7+ 88.Ng4 Rg6 89.Kg1 f3 90.Kh2 Kf4 91.Ne3 Rd6 92.Ng4 Rd2
93.Kg1 Rd1+ 94.Kh2 Rf1 95.Nf6 Rxf2+ 96.Kg1 Rg2+ 97.Kf1 Rh2 98.Kg1 Rxh3 99.Kf2 Rh2+
100.Kf1 Rh6 101.Nd5+ Kg3  0-1

[Event "Vladimir Petrov Memorial"]
[Site "Jurmala LAT"]
[Date "2013.02.16"]
[Round "11.1"]
[White "Ehlvest,J"]
[Black "Wojtaszek,R"]
[Result "1/2-1/2"]
[WhiteElo "2613"]
[BlackElo "2710"]

1.Nf3 Nf6 2.d4 e6 3.e3 b6 4.Bd3 Bb7 5.O-O c5 6.b3 d5 7.Bb2 Bd6 8.c4 cxd4
9.exd4 Nc6 10.Nbd2 O-O 11.Re1 Re8 12.a3 Rc8 13.Rc1 dxc4 14.bxc4 Bf4 15.g3 Bh6
16.Bf1 Na5 17.Rc2 Bc6 18.Qe2 Ba4 19.Rc3 Nc6 20.Ne4 Nxd4 21.Nxd4 Qxd4 22.Re3 Qd8
23.Rd3 Qe7 24.Nd6 Nd7 25.Nxe8 Rxe8 26.Bc1 Nc5 27.Rc3 Bxc1 28.Rexc1 Rd8 29.Qe3 Qd6
30.Re1 g6 31.h4 h5 32.Be2 Qd2 33.Qxd2 Rxd2 34.Bf1 Kf8 35.Rce3 Ke7 36.R3e2 Rd4
37.Re3 Rd2 38.R3e2  1/2-1/2

[Event "15th Dubai Open 2013"]
[Site "Dubai UAE"]
[Date "2013.04.07"]
[Round "1.14"]
[White "Elnemr,Mohamed"]
[Black "Ehlvest,J"]
[Result "0-1"]
[WhiteElo "2073"]
[BlackElo "2611"]

1.d4 Nf6 2.Nf3 e6 3.c4 d5 4.g3 Bb4+ 5.Bd2 Bd6 6.Bg2 O-O 7.O-O c6 8.Bg5 Nbd7
9.cxd5 exd5 10.Nc3 h6 11.Bf4 Qe7 12.Bxd6 Qxd6 13.Nh4 Re8 14.Qd3 Nf8 15.a3 Qe6
16.e3 Ne4 17.Rae1 Qe7 18.f3 Nd6 19.e4 g5 20.Nf5 Bxf5 21.exf5 Qxe1 22.Rxe1 Rxe1+
23.Kf2 Rae8 24.b3 R1e3 25.Qd2 Nxf5 26.Bh3 Nd6 27.Bf1 R3e6 28.Bd3 Nd7 29.Kg2 Kg7
30.a4 Nf6 31.a5 g4 32.fxg4 Nxg4 33.Kh3 Nf6 34.Na4 Nde4 35.Qc2 a6 36.Nc5 Nxc5
37.dxc5 d4 38.Bc4 Re5 39.Qf2 Rh5+ 40.Kg2 Rxh2+  0-1

[Event "15th Dubai Open 2013"]
[Site "Dubai UAE"]
[Date "2013.04.08"]
[Round "2.14"]
[White "Ehlvest,J"]
[Black "Sagar,S"]
[Result "1-0"]
[WhiteElo "2611"]
[BlackElo "2376"]

1.c4 c5 2.Nf3 g6 3.d4 cxd4 4.Nxd4 Nc6 5.e4 Nf6 6.Nc3 d6 7.f3 Bg7 8.Be3 O-O
9.Qd2 Nxd4 10.Bxd4 Bd7 11.Be2 Bc6 12.O-O Nd7 13.Be3 a5 14.b3 Nc5 15.Rab1 e6
16.Kh1 Be5 17.Qe1 Qf6 18.Nd1 Rfd8 19.Nf2 h5 20.Nh3 Qe7 21.Qf2 Bf6 22.Rfd1 e5
23.Bf1 a4 24.b4 Ne6 25.Ng1 Bg5 26.Bb6 Rdc8 27.Ne2 Qf8 28.Nc3 a3 29.Nd5 Qg7
30.h4 Bd8 31.Be3 Bxd5 32.Rxd5 Be7 33.g3 Qf8 34.Rbd1 Rc6 35.f4 exf4 36.gxf4 Qd8
37.c5 Bxh4 38.Qg2 Qf6 39.f5 Nc7 40.Rxd6 Qg7 41.b5 Rxd6 42.cxd6 Ne8 43.d7 Nc7
44.b6 Na6 45.Bg5 Bxg5 46.Qxg5  1-0

[Event "15th Dubai Open 2013"]
[Site "Dubai UAE"]
[Date "2013.04.10"]
[Round "4.6"]
[White "Ehlvest,J"]
[Black "Salem,AR"]
[Result "1-0"]
[WhiteElo "2611"]
[BlackElo "2530"]

1.c4 c5 2.g3 g6 3.Bg2 Bg7 4.Nc3 Nc6 5.e4 d6 6.Nge2 e6 7.O-O h5 8.h3 Nge7
9.d3 O-O 10.Rb1 Rb8 11.a3 b6 12.b4 Bb7 13.Bg5 Qd7 14.Qd2 Kh7 15.g4 hxg4 16.hxg4 Rh8
17.f4 f6 18.Bh4 Kg8 19.Bf2 e5 20.f5 Nd4 21.bxc5 dxc5 22.Be3 gxf5 23.gxf5 Kf7
24.Nd5 Rbg8 25.Kf2 Nxd5 26.cxd5 Bf8 27.Rh1 Qa4 28.Bxd4 cxd4 29.Qa2 Bd6 30.Bf3 Ba6
31.Qd2 Qa5 32.Qc2 Rc8 33.Rxh8 Rxh8 34.Qc6 Rd8 35.Bh5+ Kf8 36.Qc1 Ke7 37.Qh6 Rf8
38.Rc1 Bb5 39.Qg7+ Kd8 40.Bf7 Be7 41.Be6  1-0

[Event "15th Dubai Open 2013"]
[Site "Dubai UAE"]
[Date "2013.04.11"]
[Round "5.2"]
[White "Rakhmanov,Ale"]
[Black "Ehlvest,J"]
[Result "1-0"]
[WhiteElo "2591"]
[BlackElo "2611"]

1.d4 Nf6 2.Nf3 g6 3.Nbd2 Bg7 4.e4 d6 5.Bd3 O-O 6.O-O Nc6 7.Re1 Nd7 8.c3 e5
9.Nb3 a5 10.a4 Nf6 11.Bc2 Re8 12.Bg5 h6 13.Bh4 Qe7 14.Nbd2 Qf8 15.dxe5 Nxe5
16.Nd4 c6 17.Nf1 Ned7 18.Qf3 d5 19.exd5 Nxd5 20.Rxe8 Qxe8 21.Bg3 Ne5 22.Qd1 Nc4
23.Bb3 Ncb6 24.Qd2 Bd7 25.Re1 Qf8 26.Ne3 Re8 27.h3 h5 28.Nxd5 Nxd5 29.Rxe8 Qxe8
30.Nf3 Be6 31.Nd4 Bd7 32.Nf3 Be6 33.Qe1 Qd8 34.Be5 Nf4 35.Bc2 Bh6 36.Bxf4 Bxf4
37.Bxg6 Qb6 38.Nd4 Qxb2 39.Nxe6 Qc1 40.Qxc1 Bxc1 41.Nd8  1-0

[Event "15th Dubai Open 2013"]
[Site "Dubai UAE"]
[Date "2013.04.13"]
[Round "6.11"]
[White "Ehlvest,J"]
[Black "Shoker,S"]
[Result "1-0"]
[WhiteElo "2611"]
[BlackElo "2480"]

1.c4 Nf6 2.Nc3 d6 3.g3 g6 4.Bg2 Bg7 5.e4 O-O 6.Nge2 c5 7.O-O Nc6 8.d3 a6
9.Rb1 Ne8 10.Be3 Nc7 11.d4 b6 12.d5 Na5 13.b3 b5 14.Qd3 e6 15.dxe6 Bxe6 16.Nd5 Nc6
17.f4 Rb8 18.Qd2 f5 19.Rfd1 Re8 20.Nxc7 Qxc7 21.Qxd6 Qxd6 22.Rxd6 Nb4 23.cxb5 fxe4
24.Bxc5 Nxa2 25.bxa6 Bg4 26.a7 Rbc8 27.Rd2 Bxe2 28.Rxa2 Bd3 29.Rd1 Rxc5 30.a8=Q Bd4+
31.Kh1 Rxa8 32.Rxa8+ Kf7 33.Ra4 Bf2 34.Bxe4 Bb5 35.Ra2 Be3 36.h4 Rc3 37.Rc2  1-0

[Event "15th Dubai Open 2013"]
[Site "Dubai UAE"]
[Date "2013.04.13"]
[Round "7.4"]
[White "Ehlvest,J"]
[Black "Laznicka,V"]
[Result "0-1"]
[WhiteElo "2611"]
[BlackElo "2674"]

1.e4 c5 2.Nf3 d6 3.d4 cxd4 4.Nxd4 Nf6 5.Nc3 a6 6.f4 e5 7.Nf3 Qc7 8.a4 Be7
9.Bd3 Nbd7 10.O-O b6 11.Kh1 Bb7 12.Qe1 O-O 13.Nh4 g6 14.f5 Kg7 15.Bg5 Rae8
16.Qd2 Ng8 17.Bxe7 Rxe7 18.fxg6 fxg6 19.Nd5 Bxd5 20.exd5 a5 21.Bxg6 hxg6
22.Qg5 Qxc2 23.Rfc1 Ref7 24.h3 Qd3 25.Ra3 Qe4 26.Rg3 Rf6 27.Rg4 Rf4 28.Rc4 Rxg4
29.hxg4 Rf1+ 30.Kh2 Qxc4 31.Qxg6+ Kf8 32.Qxd6+ Ke8 33.Qg6+ Kd8 34.Qxg8+ Rf8
35.Qg5+  0-1

[Event "15th Dubai Open 2013"]
[Site "Dubai UAE"]
[Date "2013.04.15"]
[Round "9.10"]
[White "Ehlvest,J"]
[Black "Grover,S"]
[Result "1-0"]
[WhiteElo "2611"]
[BlackElo "2467"]

1.d4 Nf6 2.c4 e6 3.Nf3 d5 4.Nc3 c6 5.cxd5 exd5 6.Qc2 g6 7.Bg5 Be7 8.e4 dxe4
9.Bxf6 Bxf6 10.Qxe4+ Kf8 11.Bc4 Kg7 12.O-O Re8 13.Qf4 Be6 14.Bxe6 Rxe6 15.Rfe1 Rxe1+
16.Rxe1 Nd7 17.Ne4 Be7 18.Nd6 Bxd6 19.Qxd6 Nf6 20.Qe7 Qd7 21.Ng5 Re8 22.Ne6+ Kg8
23.Qxf6 fxe6 24.Qe5 Rd8 25.g3 Kf7 26.Re4 Qd6 27.Qg5 Rd7 28.b3 Kg7 29.Qe3 Kf7
30.Qh6 Kg8 31.Qh3 Qd5 32.Qg4 Qf5 33.Qe2 Qd5 34.h4 Rd6 35.Qe3 Kg7 36.Kh2 a5
37.a3 Kg8 38.f3 b6 39.g4 Kg7 40.Kg3 Kg8 41.h5 gxh5 42.Qh6 Rd7 43.Rxe6 Rd8
44.Re5 Qd6 45.Qxh5 Kh8 46.Qg5 Rf8 47.Qe7 Rd8 48.Qxd6 Rxd6 49.Re4 Kg7 50.Kf4 Kf6
51.Ke3 Rd5 52.a4 h6 53.Re8 c5 54.dxc5 Rxc5 55.Kd4 Rc6 56.f4 Kf7 57.Rb8 Rg6
58.Rb7+ Ke8 59.Ke5 Rxg4 60.Rxb6 h5 61.Rh6 Rg3 62.Rxh5 Rxb3 63.Rh8+ Ke7 64.Rh7+ Kf8
65.Ra7  1-0

[Event "National Open 2013"]
[Site "Las Vegas USA"]
[Date "2013.06.07"]
[Round "2"]
[White "Adithya,B"]
[Black "Ehlvest,J"]
[Result "1/2-1/2"]
[WhiteElo "2298"]
[BlackElo "2621"]

1.g3 d5 2.Bg2 c6 3.c4 Nf6 4.Nf3 dxc4 5.a4 g6 6.Na3 Bg7 7.Nxc4 O-O 8.O-O Be6
9.d3 Nd5 10.Bd2 c5 11.Ng5 Bc8 12.Ne4 Na6 13.Qb3 h6 14.Ncd6 Be6 15.Qxb7 Ndb4
16.Bxb4 Nxb4 17.Nb5 a6 18.Nc7 Rb8 19.Nxe6 fxe6 20.Qa7 Bd4 21.e3 Ra8 22.Qb7  1/2-1/2

[Event "National Open 2013"]
[Site "Las Vegas USA"]
[Date "2013.06.08"]
[Round "3"]
[White "Ehlvest,J"]
[Black "Homa,S"]
[Result "1-0"]
[WhiteElo "2621"]
[BlackElo "2307"]

1.d4 d5 2.c4 c6 3.Nf3 Nf6 4.e3 Bg4 5.Qb3 Qb6 6.cxd5 Qxb3 7.axb3 Nxd5 8.Ne5 Be6
9.Nc3 Nd7 10.Nd3 f5 11.b4 a6 12.Bd2 g6 13.b5 cxb5 14.Nxb5 Rc8 15.Nc3 Bg7
16.Be2 Nxc3 17.bxc3 Bc4 18.Rb1 b5 19.Ra1 e5 20.Nb4 O-O 21.Rxa6 f4 22.Nc6 Kh8
23.Bxc4 bxc4 24.O-O Rf6 25.Ra7 Rd6 26.Nb4 Nf6 27.Rfa1 Ne4 28.Be1 fxe3 29.fxe3 Bh6
30.Nc2 exd4 31.exd4 Rb6 32.Re7 Nf6 33.Nb4 Bf8 34.Re5 Bd6 35.Rea5 Bxb4 36.cxb4 c3
37.Ra8 Rxa8 38.Rxa8+ Kg7 39.Ra7+ Kg8 40.Bxc3 Nd5 41.Bd2 Nxb4 42.Bh6 g5 43.Bxg5 Rd6
44.Ra8+ Kf7 45.Rd8 Rxd8 46.Bxd8 Nc2 47.Bb6 Ke6 48.Kf2 Kd5 49.Kg3 Ke4 50.Kh4 Ne1
51.g4 Nf3+ 52.Kg3 Nd2 53.h3 Nc4 54.Bc5 Ne3 55.Kh4 Kf3 56.Bd6 Kg2 57.Be5 Nd5
58.g5 Ne3 59.Bf6 Kf3 60.Kh5 Nf5 61.d5 Kf4 62.g6 Ng3+ 63.Kh6 hxg6 64.Kxg6 Nf5
65.Kf7 Nd6+ 66.Ke6 Ne4 67.d6 Nc5+ 68.Ke7 Kf5 69.h4 Kg6 70.Bg5  1-0

[Event "National Open 2013"]
[Site "Las Vegas USA"]
[Date "2013.06.09"]
[Round "6"]
[White "Gelashvili,T"]
[Black "Ehlvest,J"]
[Result "0-1"]
[WhiteElo "2560"]
[BlackElo "2621"]

1.e4 c5 2.Nc3 a6 3.g3 b5 4.Bg2 Bb7 5.d3 e6 6.f4 Nf6 7.Nf3 d5 8.e5 Nfd7 9.O-O Be7
10.Ne2 Nc6 11.c3 b4 12.g4 h5 13.gxh5 Rxh5 14.Ng3 Rh8 15.f5 Qb6 16.fxe6 fxe6
17.Ng5 Ncxe5 18.d4 cxd4 19.cxd4 Bf6 20.Kh1 Nf7 21.Nxe6 Qxe6 22.Re1 Nfe5 23.dxe5 Nxe5
24.Bf4 Kf7 25.Qe2 Rxh2+ 26.Kxh2 Ng4+ 27.Kg1 Bd4+  0-1

[Event "Indonesia Open 2013"]
[Site "Jakarta INA"]
[Date "2013.10.14"]
[Round "6.10"]
[White "Ehlvest,J"]
[Black "Laylo,D"]
[Result "0-1"]
[WhiteElo "2578"]
[BlackElo "2497"]

1.e4 c6 2.Nc3 d5 3.Nf3 Bg4 4.h3 Bh5 5.d4 e6 6.Bd3 Nf6 7.e5 Nfd7 8.g4 Bg6
9.Bxg6 hxg6 10.Ne2 c5 11.c3 Nc6 12.Kf1 Be7 13.Kg2 Qb6 14.Rb1 a5 15.Be3 Qa6
16.Nf4 cxd4 17.cxd4 O-O-O 18.Nd3 Kb8 19.a3 a4 20.Bg5 Bxg5 21.Nxg5 Rhf8 22.Nf3 f6
23.Re1 fxe5 24.Nfxe5 Ncxe5 25.Nxe5 Nxe5 26.Rxe5 Rf4 27.Qe2 Qxe2 28.Rxe2 Rd6
29.Rd1 Rb6 30.Rdd2 Kc7 31.Kg3 Rf8 32.Re3 Kd7 33.Kh4 Rf6 34.Rc3 Rc6 35.Rxc6 bxc6
36.Kg5 c5 37.dxc5 Kc6 38.f4 Kxc5 39.Rc2+ Kd4 40.Rc7 Ke3 41.Rxg7 Rxf4 42.Rxg6 Re4
43.Rf6 d4 44.h4 d3 45.h5 d2 46.Rf1 Kd3 47.h6 Re1 48.h7 Rxf1 49.h8=Q d1=Q
50.Qc3+ Ke4 51.Qc4+  0-1

[Event "Indonesia Open 2013"]
[Site "Jakarta INA"]
[Date "2013.10.17"]
[Round "11.15"]
[White "Munkhgal,G"]
[Black "Ehlvest,J"]
[Result "0-1"]
[WhiteElo "2400"]
[BlackElo "2578"]

1.d4 Nf6 2.c4 e6 3.Nc3 d5 4.Nf3 Nbd7 5.Bg5 Be7 6.e3 O-O 7.Rc1 c6 8.Bd3 a6
9.O-O h6 10.Bh4 dxc4 11.Bxc4 b5 12.Bd3 c5 13.dxc5 Nxc5 14.Bb1 Qxd1 15.Rfxd1 g5
16.Bg3 Bb7 17.b4 Nce4 18.Nxe4 Bxe4 19.Be5 Bxb1 20.Rxb1 Rfc8 21.Bxf6 Bxf6
22.Rdc1 Rxc1+ 23.Rxc1 Bb2 24.Rc7 Ba3 25.Ne5 Bxb4 26.Nxf7 Bf8 27.f4 gxf4 28.exf4 b4
29.Ne5 a5 30.Rb7 a4 31.Nd7 Be7 32.Kf2 b3 33.a3 Rc8 34.Kf3 Rc1 35.g4 Bxa3
36.g5 hxg5 37.fxg5 Be7 38.Ne5 Bxg5 39.Kg4 Rg1+ 40.Kh3 Bf6 41.Nd7 Bg7 42.Nf6+ Bxf6
43.Rg7+ Bxg7  0-1

[Event "UT Dallas GM Inv 2013"]
[Site "Dallas USA"]
[Date "2013.11.21"]
[Round "1.3"]
[White "Chirila,I"]
[Black "Ehlvest,J"]
[Result "0-1"]
[WhiteElo "2517"]
[BlackElo "2574"]

1.d4 Nf6 2.c4 e6 3.Nf3 b6 4.g3 Bb7 5.Bg2 Bb4+ 6.Bd2 Be7 7.O-O O-O 8.Nc3 Na6
9.a3 c5 10.d5 exd5 11.Nh4 g6 12.cxd5 d6 13.e4 Nc7 14.Nf3 Re8 15.Re1 Bf8 16.Bf4 Bg7
17.Qd2 b5 18.Rad1 b4 19.axb4 cxb4 20.Na4 Nxe4 21.Qxb4 Bxd5 22.Nc3 a5 23.Qb6 Ra6
24.Qxa6 Nxa6 25.Nxd5 Bxb2 26.Nd4 Nac5 27.f3 g5 28.Bc1 Bxc1 29.Rxc1 Nd3 30.fxe4 a4
31.Nc6 Qa8 32.e5 Kh8 33.Ndb4 Nxe1 34.Rxe1 dxe5 35.Bd5 Qb7 36.Kg2 f5 37.Re3 Qb6
38.Ra3 Qb5 39.Bf3 e4 40.Bd1 f4 41.Bxa4 Qe2+ 42.Kh3 Re6  0-1

[Event "UT Dallas GM Inv 2013"]
[Site "Dallas USA"]
[Date "2013.11.22"]
[Round "2.3"]
[White "Ehlvest,J"]
[Black "Iotov,V"]
[Result "1-0"]
[WhiteElo "2574"]
[BlackElo "2568"]

1.e4 c6 2.d4 d5 3.exd5 cxd5 4.Bd3 Nc6 5.c3 Qc7 6.h3 e6 7.Nf3 Bd6 8.O-O f6
9.Re1 Qf7 10.c4 Nge7 11.Nc3 O-O 12.a3 a6 13.b4 Bd7 14.b5 axb5 15.Nxb5 Bb8
16.Rb1 dxc4 17.Bxc4 Nd5 18.Bd2 Rc8 19.Qe2 Nce7 20.Rb3 Ra4 21.Bd3 h6 22.Qd1 g5
23.Rb1 Ra8 24.a4 Ra6 25.g3 Kg7 26.a5 Qh5 27.Bf1 Rac6 28.Rb3 Rc2 29.Na3 Ba4
30.Rxb7 R2c7 31.Qxa4 Rxb7 32.Kg2 Rb2 33.Nc4 Rxc4 34.Bxc4 g4 35.hxg4 Qxg4
36.Bxd5  1-0

[Event "UT Dallas GM Inv 2013"]
[Site "Dallas USA"]
[Date "2013.11.23"]
[Round "3.4"]
[White "Berczes,D"]
[Black "Ehlvest,J"]
[Result "1/2-1/2"]
[WhiteElo "2522"]
[BlackElo "2574"]

1.d4 Nf6 2.c4 g6 3.Nf3 Bg7 4.g3 O-O 5.Bg2 d6 6.Nc3 c6 7.O-O Qa5 8.e4 e5 9.h3 exd4
10.Nxd4 Qc5 11.Nde2 Qxc4 12.Qxd6 Ne8 13.Qe7 Qe6 14.Qxe6 Bxe6 15.b3 Nc7 16.Be3 Nba6
17.Rad1 Rfe8 18.Bd4 Nb4 19.f4 Nc2 20.Bxg7 Kxg7 21.Rd3 Rad8 22.Rfd1 Rxd3 23.Rxd3 f6
24.Rd2 Na3 25.Nd4 Bc8 26.Kf2 Ne6 27.Nf3 Nc5 28.e5 fxe5 29.Nxe5 g5 30.Ne4 Nxe4+
31.Bxe4 Bxh3 32.Kf3 Bc8 33.g4 Nb5 34.Bf5 Bxf5 35.gxf5 Kf6 36.Rd7 gxf4 37.Ng4+ Kxf5
38.Rf7+ Ke6 39.Rxb7 Re7 40.Rb8 Rf7 41.a4 Nd6 42.Rh8 c5 43.a5 Rb7 44.a6 Rxb3+
45.Kxf4 Rb4+ 46.Kf3 Ra4 47.Rxh7 Rxa6 48.Rh6+ Kd7 49.Ne5+ Kc7 50.Nc4 Rc6 51.Ne5 Rb6
52.Rh7+ Kc8 53.Rxa7 Rb3+ 54.Ke2 Nf5 55.Kd2 Rb7  1/2-1/2

[Event "UT Dallas GM Inv 2013"]
[Site "Dallas USA"]
[Date "2013.11.23"]
[Round "4.2"]
[White "Ehlvest,J"]
[Black "Sadorra,J"]
[Result "0-1"]
[WhiteElo "2574"]
[BlackElo "2577"]

1.Nf3 Nf6 2.g3 d5 3.Bg2 e6 4.O-O Be7 5.c4 O-O 6.d4 dxc4 7.Qc2 b5 8.a4 b4
9.Nfd2 c6 10.Nxc4 Qxd4 11.Be3 Qd8 12.Rd1 Nd5 13.Bd4 Nd7 14.e4 N5b6 15.Na5 c5
16.Be5 Qe8 17.Bc7 c4 18.Nc6 Bc5 19.a5 Nf6 20.Ne5 Nbd7 21.Nxd7 Bxd7 22.Qxc4 Qe7
23.Rc1 Bxf2+ 24.Kxf2 Rac8 25.Qe2 a6 26.e5 Bb5 27.Qd1 Rxc7 28.exf6 Qxf6+ 29.Kg1 Rd8  0-1

[Event "UT Dallas GM Inv 2013"]
[Site "Dallas USA"]
[Date "2013.11.24"]
[Round "5.5"]
[White "Kosintseva,N"]
[Black "Ehlvest,J"]
[Result "0-1"]
[WhiteElo "2523"]
[BlackElo "2574"]

1.e4 Nf6 2.e5 Nd5 3.d4 d6 4.Nf3 Bg4 5.Be2 e6 6.O-O Be7 7.c4 Nb6 8.Nc3 O-O
9.b3 Nc6 10.Be3 d5 11.c5 Nd7 12.b4 a6 13.Rb1 f6 14.exf6 Bxf6 15.Ne1 Bxe2
16.Nxe2 Qe8 17.Nd3 Qf7 18.f4 Qg6 19.Qd2 Ne7 20.Ne5 Bxe5 21.fxe5 Rxf1+ 22.Rxf1 Rf8
23.Rxf8+ Nxf8 24.Nc3 c6 25.a4 h5 26.h3 Nf5 27.Bf2 Nh7 28.Kh2 Ng5 29.Qf4 Qh6
30.Be3 Ne4 31.Qxe4 Nxe3 32.Qf3 Nf5 33.Ne2 h4 34.Qg4 Kf7 35.Ng1 Ne3 36.Qf3+ Ke7
37.Qf2 Nf5 38.Nf3 Qf4+ 39.Kg1 g5 40.Qb2 Ng3 41.b5 axb5 42.axb5 cxb5 43.Qa3 Kf7
44.Kf2 Ne4+ 45.Kg1 g4 46.hxg4 h3 47.Qb2 h2+ 48.Kh1 Qg3 49.Nxh2 Qe1+  0-1

[Event "UT Dallas GM Inv 2013"]
[Site "Dallas USA"]
[Date "2013.11.24"]
[Round "6.1"]
[White "Kritz,L"]
[Black "Ehlvest,J"]
[Result "1/2-1/2"]
[WhiteElo "2600"]
[BlackElo "2574"]

1.e4 e5 2.Nf3 Nc6 3.Bb5 d6 4.d4 Bd7 5.Nc3 exd4 6.Nxd4 g6 7.Bxc6 bxc6 8.Be3 Bg7
9.Qd2 Nf6 10.Bh6 Bxh6 11.Qxh6 Ng4 12.Qd2 Qh4 13.Nf3 Qh6 14.O-O-O Qxd2+ 15.Rxd2 f6
16.h3 Ne5 17.Nxe5 fxe5 18.Kd1 Rb8 19.b3 Ke7 20.Ke2 g5 21.Ke3 h5 22.h4 g4
23.f4 gxf3 24.gxf3 Rhg8 25.Rhh2 Rg7 26.Rdg2 Rbg8 27.Kf2 Be6 28.Rxg7+ Rxg7
29.Rg2 Rxg2+ 30.Kxg2 c5 31.Kf2 c6 32.Ne2 d5 33.Ng3 Bf7 34.Nf5+ Kd7 35.Ke3 c4
36.bxc4 dxe4 37.Kxe4 Bxc4 38.a3 Bd5+ 39.Kxe5 Bxf3 40.Nd4 Bd1 41.c4 c5 42.Nb5 a6
43.Nc3 Bf3 44.Nd5 Be2 45.Ne3 Kc6 46.Ke6 Bg4+ 47.Ke5  1/2-1/2

[Event "UT Dallas GM Inv 2013"]
[Site "Dallas USA"]
[Date "2013.11.25"]
[Round "7.5"]
[White "Ehlvest,J"]
[Black "Ramirez,Alej"]
[Result "1/2-1/2"]
[WhiteElo "2574"]
[BlackElo "2597"]

1.Nf3 d5 2.d4 Nf6 3.c4 c6 4.e3 Bf5 5.Nc3 a6 6.Bd3 Bxd3 7.Qxd3 e6 8.O-O Be7
9.e4 dxe4 10.Nxe4 Nxe4 11.Qxe4 Nd7 12.b3 O-O 13.Rd1 Re8 14.Bb2 Qc7 15.g3 Bf6
16.Rd2 c5 17.Ne5 Rad8 18.Rad1 Nxe5 19.dxe5 Rxd2 20.Rxd2 Rd8 21.Rxd8+ Bxd8
22.Kf1 g6 23.Bc3 Be7 24.Ke2 h5 25.h3 Kf8 26.f4 Ke8 27.Qh1 Kd7 28.g4 hxg4
29.hxg4 Qc6 30.Qxc6+ Kxc6  1/2-1/2

[Event "UT Dallas GM Inv 2013"]
[Site "Dallas USA"]
[Date "2013.11.25"]
[Round "8.2"]
[White "Margvelashvili,G"]
[Black "Ehlvest,J"]
[Result "1-0"]
[WhiteElo "2556"]
[BlackElo "2574"]

1.Nf3 Nf6 2.c4 b6 3.g3 Bb7 4.Bg2 e6 5.O-O Be7 6.d4 O-O 7.Nc3 Ne4 8.Qc2 Nxc3
9.Qxc3 f5 10.Ne5 Bxg2 11.Kxg2 Bf6 12.Rd1 Qe8 13.Qf3 c6 14.Qa3 a5 15.Nf3 Na6
16.Bf4 Be7 17.Qb3 Qd8 18.d5 a4 19.Qxa4 exd5 20.cxd5 Nb4 21.Qb3 Nxd5 22.Rxd5 cxd5
23.Qxd5+ Kh8 24.Ne5 Qe8 25.Nxd7 Rd8 26.Rd1 Bc5 27.Bc7 Rxd7 28.Qxd7 Qe4+ 29.Kg1 Qxe2
30.Qd2 Qc4 31.Be5 Qxa2 32.Qc3 Kg8 33.Bxg7 Re8 34.Bh6 Qf7 35.b4  1-0

[Event "UT Dallas GM Inv 2013"]
[Site "Dallas USA"]
[Date "2013.11.26"]
[Round "9.4"]
[White "Ehlvest,J"]
[Black "Holt,C"]
[Result "1/2-1/2"]
[WhiteElo "2574"]
[BlackElo "2534"]

1.d4 d5 2.c4 c6 3.Nf3 Nf6 4.Nbd2 g6 5.b4 Bg7 6.Bb2 O-O 7.e3 a5 8.b5 a4 9.Ba3 Bg4
10.Rb1 Nbd7 11.bxc6 bxc6 12.Be2 Re8 13.O-O Qa5 14.Rb7 Qa6 15.Rb2 Qa7 16.h3 Bxf3
17.Nxf3 e6 18.Qc2 dxc4 19.Rfb1 Bf8 20.Bxf8 Rxf8 21.Qxc4 Qc7 22.Ne1 Rfc8 23.Nd3 Ra7
24.Bf3 Nd5 25.h4 h6 26.Qc1 Ne7 27.Rc2 Qd6 28.Rc4 h5 29.e4 e5 30.Qc3 exd4
31.Rxd4 Qc7 32.Nc5 Qe5 33.Rc4 Qxc3 34.Rxc3 Nxc5 35.Rxc5 Rd8 36.Rc3 Rd2 37.a3 Ra5
38.Rb7 Kf8 39.Rc7 Ke8 40.Rb7 Rb5 41.Ra7 Rb1+ 42.Kh2 Rb3 43.Rc5 Rxa3 44.Re5 Rd7
45.Ra8+ Rd8 46.Ra7  1/2-1/2

[Event "Paul Keres Rap Final"]
[Site "Tallinn EST"]
[Date "2014.01.11"]
[Round "1.3"]
[White "Ehlvest,J"]
[Black "Sepp,O"]
[Result "1-0"]
[WhiteElo "2579"]
[BlackElo "2442"]

1.c4 g6 2.Nc3 Bg7 3.g3 Nf6 4.Bg2 O-O 5.e4 c5 6.Nge2 Nc6 7.O-O d6 8.d3 a6
9.a4 Bg4 10.f3 Bd7 11.Be3 Rc8 12.Rb1 Ne8 13.b3 Nd4 14.b4 b6 15.h3 Nc7 16.f4 Nce6
17.f5 Nxe2+ 18.Nxe2 Nd4 19.Nxd4 cxd4 20.Bg5 Be5 21.g4 f6 22.Bh6 Rf7 23.g5 Qe8
24.b5 axb5 25.axb5 fxg5 26.Qg4 Kh8 27.Ra1 Ra8 28.Qxg5 Rf6 29.Qh4 Rxa1 30.Rxa1 Qg8
31.Ra7 Qc8 32.Bg5 Rf7 33.Bxe7 Qe8 34.Bg5 gxf5 35.exf5 Bxf5 36.Ra8 Bc8 37.Qg4 Rf8
38.Qe4 Qf7 39.Qe2 Qg7 40.Qh5 Rg8 41.h4 Bf5 42.Rxg8+ Qxg8 43.Bd5 Qg6 44.Qxg6 Bxg6
45.Be4 Bxe4 46.dxe4 d3 47.Be3 Kg7 48.Kf1 Kg6 49.Bxb6 Kh5 50.Bc7 Kg4 51.Ke1  1-0

[Event "Paul Keres Rap Final"]
[Site "Tallinn EST"]
[Date "2014.01.11"]
[Round "2.4"]
[White "Khenkin,I"]
[Black "Ehlvest,J"]
[Result "1/2-1/2"]
[WhiteElo "2586"]
[BlackElo "2579"]

1.d4 Nf6 2.c4 e6 3.Nf3 c5 4.e3 a6 5.Bd3 d5 6.b3 Nbd7 7.O-O b6 8.Bb2 Bb7 9.Nc3 Be7
10.cxd5 Nxd5 11.Nxd5 Bxd5 12.Qe2 b5 13.Rfd1 O-O 14.dxc5 Bxc5 15.Rac1 Qe7
16.e4 Bb7 17.Bxb5 axb5 18.Qxb5 Bc8 19.a4 Rb8  1/2-1/2

[Event "Paul Keres Rap Final"]
[Site "Tallinn EST"]
[Date "2014.01.11"]
[Round "4.5"]
[White "Soot,M"]
[Black "Ehlvest,J"]
[Result "0-1"]
[WhiteElo "2091"]
[BlackElo "2579"]

1.e4 Nf6 2.e5 Nd5 3.d4 d6 4.Nf3 Bg4 5.exd6 cxd6 6.Be2 e6 7.O-O Be7 8.h3 Bh5
9.c4 Nb6 10.b3 O-O 11.Be3 Nc6 12.Nc3 d5 13.c5 Nc8 14.a3 Bf6 15.b4 Bxf3 16.Bxf3 N8e7
17.b5 Na5 18.Ne2 Nc4 19.Ng3 g6 20.Be2 Nxe3 21.fxe3 Bh4 22.Rf3 Qc7 23.Nf1 e5
24.dxe5 Qxc5 25.Qd4 Qxd4 26.exd4 Rac8 27.Rd3 Bg5 28.a4 h5 29.a5 Kg7 30.g4 hxg4
31.Bxg4 Rc4 32.a6 b6 33.Rb1 f5 34.exf6+ Bxf6 35.Rbd1 Bg5 36.Bd7 Rc7 37.Be6 Rf6
38.Bg4 Nc8 39.Ne3 Bxe3+ 40.Rxe3 Nd6 41.Be6 Nxb5 42.Bxd5 Nc3  0-1

[Event "Paul Keres Rap Final"]
[Site "Tallinn EST"]
[Date "2014.01.12"]
[Round "5.1"]
[White "Ehlvest,J"]
[Black "Nyback,T"]
[Result "1/2-1/2"]
[WhiteElo "2579"]
[BlackElo "2589"]

1.d4 Nf6 2.Nf3 d5 3.c4 c6 4.Nbd2 g6 5.e3 Bg7 6.b4 O-O 7.Bb2 a5 8.b5 cxb5
9.cxb5 Bf5 10.Be2 Nbd7 11.O-O Nb6 12.Rc1  1/2-1/2

[Event "Paul Keres Rap Final"]
[Site "Tallinn EST"]
[Date "2014.01.12"]
[Round "6.5"]
[White "Ehlvest,J"]
[Black "Shvyrjov,I"]
[Result "1-0"]
[WhiteElo "2579"]
[BlackElo "2450"]

1.c4 Nf6 2.Nc3 d5 3.cxd5 Nxd5 4.g3 g6 5.Bg2 Nxc3 6.bxc3 Bg7 7.Rb1 c6 8.Nf3 O-O
9.O-O Nd7 10.c4 Qa5 11.Qb3 Qh5 12.d3 Nc5 13.Qa3 Re8 14.Be3 Na6 15.Ng5 Rb8
16.Bf3 Bg4 17.Bxg4 Qxg4 18.Nf3 Qd7 19.Bxa7 Ra8 20.Bb6 e5 21.Nd2 f5 22.Rfd1 h5
23.Nf3 Bf6 24.Qb3 Re7 25.d4 e4 26.Ne5 Qe8 27.c5+ Kg7 28.Nc4 h4 29.d5 cxd5
30.Rxd5 Nc7 31.Bxc7 Rxc7 32.Rbd1 Re7 33.Nb6 Ra5 34.Nd7 e3 35.f3 Ra6 36.Kg2 Qc8
37.R1d3 Rae6 38.Nxf6 Kxf6 39.Qc3+ Kf7 40.Rd8 Qc7 41.Qh8  1-0

[Event "Paul Keres Rap Final"]
[Site "Tallinn EST"]
[Date "2014.01.12"]
[Round "7.2"]
[White "Sveshnikov,V"]
[Black "Ehlvest,J"]
[Result "0-1"]
[WhiteElo "2394"]
[BlackElo "2579"]

1.e4 e5 2.Nf3 Nc6 3.d4 exd4 4.Nxd4 Bc5 5.Nxc6 bxc6 6.Bd3 d6 7.O-O Nf6 8.Bg5 h6
9.Bh4 g5 10.Bg3 h5 11.h3 h4 12.Bh2 g4 13.e5 g3 14.exf6 Qxf6 15.Qe2+ Kf8 16.Kh1 gxh2
17.Nc3 d5 18.Na4 Bd6 19.c4 Rg8 20.cxd5 cxd5 21.Nc3 c6 22.Rae1 Bd7 23.f4 Re8
24.Qh5 Rxe1 25.Rxe1 Qxf4 26.Rf1 Bxh3 27.Qe2 Qg3 28.Rf2 Bc5  0-1